| 000 | 00501nam a2200169Ia 4500 | ||
|---|---|---|---|
| 999 |
_c36035 _d36035 |
||
| 003 | OSt | ||
| 005 | 20201218122051.0 | ||
| 008 | 190216s9999||||xx |||||||||||||| ||und|| | ||
| 040 | _coclc | ||
| 082 |
_a398.042 _bNAM/F |
||
| 100 |
_aNamboodiri, M V Vishnu _97541 |
||
| 245 | 0 |
_aFolklore Nighandu / _cM V Vishnu Namboodiri |
|
| 260 |
_bKerala Basha Institute, _aTrivandrum: _c2000. |
||
| 300 | _a391p | ||
| 650 | _aMalayalam | ||
| 942 |
_cREF _2ddc _h398.042 _iNAM/F _k398.042 _mNAM/F |
||